| 000 | 01283nam a2200349 i 4500 | ||
|---|---|---|---|
| 001 | 195308 | ||
| 003 | ItRI | ||
| 005 | 20250318063121.0 | ||
| 008 | 220530s2017 it |||||| ||||| |||||c | ||
| 015 |
_2IT _a2018-6609 |
||
| 020 | _a9788860309686 | ||
| 040 |
_bita _cES-MaACL _dES-MaACL |
||
| 041 | 7 | _2ISO-639-2 | |
| 082 |
_a150.1952 _223 |
||
| 100 |
_aRecalcati, Massimo _0IT\ICCU\LO1V\042172 _9236848 _eaut |
||
| 240 | 1 | 0 |
_aContro il sacrificio _9Recalcati, Massimo |
| 245 | 1 | 0 |
_aContro il sacrificio : _bal di là del fantasma sacrificale / _cMassimo Recalcati.. |
| 260 |
_aMilano : _bRaffaello Cortina, _c2017. |
||
| 300 |
_a147 p. ; _c20 cm. |
||
| 336 |
_2rdacontent _atexto |
||
| 337 |
_2rdamedia _asin mediación |
||
| 338 |
_2rdacarrier _avolumen |
||
| 650 | 4 |
_aPsicoanálisis _916530 |
|
| 830 | 0 |
_aTemi _0IT\ICCU\RAV\1981060 _9236850 |
|
| 852 |
_aES-MaACL _bR.153377 _cDEPOJ _jN-8920 _hDonación: José Lázaro García _xEncuadernación rústica _9204798 |
||
| 903 |
_9234219 _aLázaro García, José _ednr |
||
| 942 |
_cMONOGRAFIA _n0 |
||
| 999 |
_c195308 _d195308 |
||